駅舎から駅名を当てよう(ランダム15駅) - Statistics

General Stats
  • This quiz has been taken 1,935 times
  • The average score is 8 of 15
Answer Stats
Picture Answer % Correct
東京
93%
金沢
91%
小倉
86%
稚内
85%
新宿
85%
福井
84%
仙台
81%
大阪
80%
京都
78%
土合
78%
米子
78%
上野
78%
西大山
76%
海芝浦
71%
札幌
69%
下灘
68%
日立
66%
恋山形
66%
長野
60%
片瀬江ノ島
60%
深谷
60%
門司港
58%
原宿
58%
宮崎
56%
鹿児島中央
56%
真岡
50%
筒石
49%
宇治山田
49%
博多
48%
たびら平戸口
47%
別府
46%
東武日光
46%
高尾山口
42%
高輪ゲートウェイ
42%
伊勢市
37%
出雲横田
36%
木造
35%
貴志
33%
熊本
32%
亀甲
32%
嘉例川
30%
三角
28%
土佐北川
23%
日光
23%
田主丸
18%
富士山
17%
由布院
15%
琴平
14%
日向市
13%
関口
13%
磐城塙
10%
No matching quizzes found
Score Distribution
Percent of People with Each Score
Percentile by Number Answered
Your Score History
You have not taken this quiz